[Event "Madrid-chT 2526"]
[Site "Madrid"]
[Date "2025.11.15"]
[Round "1.1"]
[White "Alvarez Calzadilla, Jose Avelino"]
[Black "Plazuelo Pascual, Juan"]
[Result "1/2-1/2"]
[WhiteElo "2420"]
[BlackElo "2429"]
[WhiteFideId "-1"]
[WhiteFideId "-1"]
[PlyCount "20"]
[GameId "2248007455908112"]
[EventDate "2025.11.15"]
[EventType "team-tourn"]
[EventRounds "14"]
[EventCountry "ESP"]
[SourceVersionDate "2011.03.15"]
[WhiteTeam "Blanco y Negro"]
[BlackTeam "Alcorcon Diagonal"]
[WhiteTeamCountry "ESP"]
[BlackTeamCountry "ESP"]

1. e4 e6 2. d4 d5 3. Nc3 Nf6 4. e5 Nfd7 5. f4 c5 6. Nf3 Nc6 7. Be3 Be7 8. Qd2 a6 9. a3 b5 10. dxc5 Nxc5 1/2-1/2

[Event "Madrid-chT 2526"]
[Site "Madrid"]
[Date "2025.11.15"]
[Round "1.2"]
[White "Rey Martinez, Jaime"]
[Black "Martinez Reyes, Pedro Ramon"]
[Result "1/2-1/2"]
[WhiteElo "2314"]
[BlackElo "2374"]
[WhiteFideId "-1"]
[WhiteFideId "-1"]
[PlyCount "30"]
[GameId "2244551146998069"]
[EventDate "2025.11.15"]
[EventType "team-tourn"]
[EventRounds "14"]
[EventCountry "ESP"]
[SourceVersionDate "2011.03.15"]
[WhiteTeam "Alcorcon Diagonal"]
[BlackTeam "Blanco y Negro"]
[WhiteTeamCountry "ESP"]
[BlackTeamCountry "ESP"]

1. e4 e6 2. d4 d5 3. Nc3 Nf6 4. Bg5 h6 5. Bxf6 Qxf6 6. exd5 Bb4 7. dxe6 Bxe6 8. a3 Bxc3+ 9. bxc3 O-O 10. Bd3 c5 11. Qf3 Nd7 12. Qxf6 Nxf6 13. f3 Rac8 14. Ne2 Rfd8 15. Kf2 cxd4 1/2-1/2

[Event "Madrid-chT 2526"]
[Site "Madrid"]
[Date "2025.11.15"]
[Round "1.3"]
[White "Taboas Rodriguez, Daniel"]
[Black "Horcajuelo Rocamora, Martin"]
[Result "1-0"]
[WhiteElo "2349"]
[BlackElo "2311"]
[WhiteFideId "-1"]
[WhiteFideId "-1"]
[PlyCount "119"]
[GameId "2244565603563836"]
[EventDate "2025.11.15"]
[EventType "team-tourn"]
[EventRounds "14"]
[EventCountry "ESP"]
[SourceVersionDate "2011.03.15"]
[WhiteTeam "Blanco y Negro"]
[BlackTeam "Alcorcon Diagonal"]
[WhiteTeamCountry "ESP"]
[BlackTeamCountry "ESP"]

1. d4 d5 2. c4 e6 3. Nc3 h6 4. Nf3 Nf6 5. Bf4 c5 6. e3 cxd4 7. Nxd4 Nc6 8. Ndb5 e5 9. cxd5 exf4 10. dxc6 bxc6 11. Qxd8+ Kxd8 12. O-O-O+ Bd7 13. Nd4 Ng4 14. Rd2 fxe3 15. fxe3 Kc7 16. Bc4 Ne5 17. Bb3 Re8 18. Rhd1 Bg4 19. Rf1 Bb4 20. Ndb5+ Kb6 21. Rf4 Bxc3 22. Nxc3 Be6 23. Bxe6 Rxe6 24. Na4+ Kc7 25. Nc5 Rd6 26. Na6+ Kd7 27. Nc5+ Kc7 28. Na6+ Kd7 29. Rxd6+ Kxd6 30. Rd4+ Ke7 31. Nc5 Rc8 32. Kc2 h5 33. h3 g6 34. Kc3 Rc7 35. Kb4 Rc8 36. Ka5 g5 37. Ka6 Rc7 38. a4 f5 39. a5 h4 40. b3 g4 41. Rf4 Kd6 42. Nb7+ Ke6 43. Kxa7 c5 44. Kb6 Rc8 45. Nxc5+ Kf6 46. a6 gxh3 47. gxh3 Nf7 48. a7 Nd6 49. Rxh4 Re8 50. Rh6+ Ke5 51. Re6+ Rxe6 52. Nxe6 Nc8+ 53. Kb7 Nxa7 54. Kxa7 Kxe6 55. b4 Kd5 56. b5 Ke4 57. b6 Kxe3 58. b7 f4 59. b8=Q f3 60. Qe5+ 1-0

[Event "Madrid-chT 2526"]
[Site "Madrid"]
[Date "2025.11.15"]
[Round "1.4"]
[White "Bravo De la Vega, Alvaro"]
[Black "Pinto, Daniel"]
[Result "1/2-1/2"]
[WhiteElo "2277"]
[BlackElo "2316"]
[WhiteFideId "-1"]
[WhiteFideId "-1"]
[PlyCount "107"]
[GameId "2244578667096414"]
[EventDate "2025.11.15"]
[EventType "team-tourn"]
[EventRounds "14"]
[EventCountry "ESP"]
[SourceVersionDate "2011.03.15"]
[WhiteTeam "Alcorcon Diagonal"]
[BlackTeam "Blanco y Negro"]
[WhiteTeamCountry "ESP"]
[BlackTeamCountry "ESP"]

1. c4 c5 2. Nf3 Nc6 3. g3 g6 4. Bg2 Bg7 5. Nc3 e5 6. O-O Nge7 7. a3 a5 8. d3 O-O 9. Rb1 d6 10. Bd2 h6 11. Ne1 Be6 12. Nd5 Bc8 13. Nxe7+ Qxe7 14. b4 axb4 15. axb4 Bf5 16. b5 Nd8 17. Nc2 Qd7 18. Ne3 Bh3 19. Nd5 Bxg2 20. Kxg2 Ra2 21. Bxh6 Qg4 22. Bxg7 Kxg7 23. e3 Qf5 24. Nc3 Ra3 25. Ne4 Rh8 26. h4 Qd7 27. Ra1 Rxa1 28. Qxa1 f5 29. Ng5 Nf7 30. Nxf7 Qxf7 31. Rd1 Kh7 32. Qb2 Ra8 33. Ra1 Rxa1 34. Qxa1 f4 35. e4 f3+ 36. Kh2 g5 37. Qf1 Qh5 38. Qh3 g4 39. Qf1 Qh6 40. Qe1 b6 41. Qc3 Kg6 42. Kg1 Kf7 43. Kf1 Qf8 44. Qa3 Ke6 45. Ke1 Qb8 46. Qc1 Qa8 47. Qh6+ Kf7 48. Qh5+ Kf6 49. Qh6+ Kf7 50. Qh7+ Kf6 51. Qf5+ Ke7 52. Qh7+ Kf6 53. Qh6+ Kf7 54. Qh7+ 1/2-1/2

[Event "Madrid-chT 2526"]
[Site "Madrid"]
[Date "2025.11.15"]
[Round "1.5"]
[White "Hidalgo Duque, Carlos"]
[Black "Ruiz Vazquez, Javier"]
[Result "1/2-1/2"]
[WhiteElo "2304"]
[BlackElo "2226"]
[WhiteFideId "-1"]
[WhiteFideId "-1"]
[PlyCount "33"]
[GameId "2244580457605487"]
[EventDate "2025.11.15"]
[EventType "team-tourn"]
[EventRounds "14"]
[EventCountry "ESP"]
[SourceVersionDate "2011.03.15"]
[WhiteTeam "Blanco y Negro"]
[BlackTeam "Alcorcon Diagonal"]
[WhiteTeamCountry "ESP"]
[BlackTeamCountry "ESP"]

1. Nf3 Nf6 2. c4 e6 3. g3 a6 4. Bg2 b5 5. b3 Bb7 6. O-O d5 7. cxd5 Bxd5 8. Nc3 Bb7 9. d4 c5 10. dxc5 Qxd1 11. Rxd1 Bxc5 12. Ng5 Bxg2 13. Kxg2 Be7 14. Bb2 O-O 15. Rac1 Nbd7 16. Nge4 Rfd8 17. Rd2 1/2-1/2

[Event "Madrid-chT 2526"]
[Site "Madrid"]
[Date "2025.11.15"]
[Round "1.6"]
[White "Neagu, Roberto Florin"]
[Black "Renteria Becerra, Jorge Elicer"]
[Result "0-1"]
[WhiteElo "2176"]
[BlackElo "2240"]
[WhiteFideId "-1"]
[WhiteFideId "-1"]
[PlyCount "98"]
[GameId "2244591514945914"]
[EventDate "2025.11.15"]
[EventType "team-tourn"]
[EventRounds "14"]
[EventCountry "ESP"]
[SourceVersionDate "2011.03.15"]
[WhiteTeam "Alcorcon Diagonal"]
[BlackTeam "Blanco y Negro"]
[WhiteTeamCountry "ESP"]
[BlackTeamCountry "ESP"]

1. Nf3 Nf6 2. c4 b6 3. g3 Bb7 4. Bg2 g6 5. b3 Bg7 6. Bb2 O-O 7. O-O c5 8. e3 d5 9. Qe2 dxc4 10. bxc4 Nbd7 11. d4 cxd4 12. exd4 Rc8 13. Rd1 Re8 14. Nbd2 e6 15. Rac1 Qc7 16. h3 Qb8 17. Nf1 h5 18. Ne3 a6 19. a4 Bc6 20. Ra1 b5 21. d5 exd5 22. cxb5 axb5 23. Rdb1 b4 24. Bd4 Qd6 25. Qb2 Bf8 26. a5 Ne4 27. Rc1 Nc3 28. a6 Nc5 29. Bf1 Ne6 30. Nc2 Nxd4 31. Ncxd4 Ba8 32. Re1 Red8 33. Qd2 Ne4 34. Qb2 Qf6 35. h4 Rc3 36. Qe2 Bc5 37. Rad1 Nxg3 38. Qe5 Rxf3 39. Qxf6 Rxf6 40. fxg3 b3 41. Kg2 Rb6 42. Rd3 b2 43. Nb3 d4+ 44. Kf2 Bb4 45. Red1 Bc3 46. Rxc3 b1=Q 47. Rxb1 dxc3 48. Bc4 Rc8 49. Rd1 c2 0-1

[Event "Madrid-chT 2526"]
[Site "Madrid"]
[Date "2025.11.16"]
[Round "1.1"]
[White "Centeno Mendoza, Julio Stefano"]
[Black "Reyes Penas, Sebastian"]
[Result "0-1"]
[WhiteElo "2154"]
[BlackElo "2229"]
[WhiteFideId "-1"]
[WhiteFideId "-1"]
[PlyCount "88"]
[GameId "2248007455908113"]
[EventDate "2025.11.15"]
[EventType "team-tourn"]
[EventRounds "14"]
[EventCountry "ESP"]
[SourceVersionDate "2011.03.15"]
[WhiteTeam "Collado Villalba"]
[BlackTeam "San Sebastian de los Reyes"]
[WhiteTeamCountry "ESP"]
[BlackTeamCountry "ESP"]

1. e4 c5 2. Nf3 e6 3. c3 Nf6 4. e5 Nd5 5. d4 cxd4 6. cxd4 d6 7. Bc4 Nb6 8. Bb3 Nc6 9. O-O dxe5 10. dxe5 Qxd1 11. Rxd1 Bd7 12. Be3 Na5 13. Nc3 Nbc4 14. Bxc4 Nxc4 15. Bd4 Bc6 16. b3 Na3 17. Rac1 Bb4 18. Na4 Ke7 19. Nc5 Nb5 20. a4 Bxf3 21. gxf3 Nxd4 22. Rxd4 Bxc5 23. Rxc5 Rhc8 24. Rb5 b6 25. a5 Rc6 26. axb6 axb6 27. Rd6 Rxd6 28. exd6+ Kxd6 29. Rxb6+ Kc7 30. Rb4 Ra6 31. Kf1 Rb6 32. Rxb6 Kxb6 33. Ke2 Kc5 34. Kd3 Kb4 35. Kc2 e5 36. Kb2 g5 37. Kc2 f5 38. Kb2 h6 39. Kc2 h5 40. Kb2 g4 41. fxg4 hxg4 42. Kc2 e4 43. Kd2 f4 44. Kc2 e3 0-1

[Event "Madrid-chT 2526"]
[Site "Madrid"]
[Date "2025.11.16"]
[Round "1.2"]
[White "Hernandez Ramos, David"]
[Black "Cepeda Delgado, Camilo Jose"]
[Result "1-0"]
[WhiteElo "2202"]
[BlackElo "2111"]
[WhiteFideId "-1"]
[WhiteFideId "-1"]
[PlyCount "107"]
[GameId "2244881126727818"]
[EventDate "2025.11.15"]
[EventType "team-tourn"]
[EventRounds "14"]
[EventCountry "ESP"]
[SourceVersionDate "2011.03.15"]
[WhiteTeam "San Sebastian de los Reyes"]
[BlackTeam "Collado Villalba"]
[WhiteTeamCountry "ESP"]
[BlackTeamCountry "ESP"]

1. d4 e6 2. c4 Nf6 3. Nf3 b6 4. a3 Bb7 5. Bf4 d5 6. cxd5 Nxd5 7. Bg3 Nd7 8. Qc2 c5 9. e4 N5f6 10. Nc3 Be7 11. d5 exd5 12. exd5 Nxd5 13. O-O-O Nxc3 14. Qxc3 Bf6 15. Ne5 Bxe5 16. Bxe5 Qg5+ 17. f4 Qh6 18. Bb5 O-O-O 19. Bxd7+ Rxd7 20. Rxd7 Kxd7 21. Rd1+ Kc8 22. Qd3 Qe6 23. Bxg7 Re8 24. Be5 f5 25. b3 h5 26. Kb2 Rg8 27. g3 Re8 28. Rd2 Rg8 29. a4 Re8 30. Qe2 Qf7 31. Qd1 Be4 32. Rd6 Rg8 33. a5 b5 34. Qc1 c4 35. Qe3 Qc7 36. Rb6 c3+ 37. Kc1 axb6 38. Bxc7 Kxc7 39. Qxb6+ Kd7 40. Qxb5+ Ke7 41. Qc5+ Kd7 42. Qd4+ Ke7 43. Qxc3 h4 44. Qc7+ Kf6 45. Qd6+ Kf7 46. Qd7+ Kf6 47. Qh7 Rc8+ 48. Kb2 hxg3 49. hxg3 Rc2+ 50. Ka3 Rg2 51. a6 Rg1 52. Kb4 Ke6 53. Qg8+ Kd6 54. Qd8+ 1-0

[Event "Madrid-chT 2526"]
[Site "Madrid"]
[Date "2025.11.16"]
[Round "1.3"]
[White "Cancio Bello Ayes, Flavia"]
[Black "Martinez Fernandez, Raul"]
[Result "0-1"]
[WhiteElo "2048"]
[BlackElo "2179"]
[WhiteFideId "-1"]
[WhiteFideId "-1"]
[PlyCount "68"]
[GameId "2244886639210698"]
[EventDate "2025.11.15"]
[EventType "team-tourn"]
[EventRounds "14"]
[EventCountry "ESP"]
[SourceVersionDate "2011.03.15"]
[WhiteTeam "Collado Villalba"]
[BlackTeam "San Sebastian de los Reyes"]
[WhiteTeamCountry "ESP"]
[BlackTeamCountry "ESP"]

1. e4 c5 2. Nf3 Nc6 3. d4 cxd4 4. Nxd4 e5 5. Nb5 d6 6. N1c3 a6 7. Na3 Be6 8. Nd5 Bxd5 9. exd5 Nce7 10. c4 Nf6 11. g3 Nf5 12. Qa4+ Nd7 13. Bh3 g6 14. O-O Bg7 15. b4 e4 16. Bf4 Bxa1 17. Rxa1 O-O 18. Bxf5 gxf5 19. Qd1 Qf6 20. Rc1 Rac8 21. Qd2 Rfe8 22. h4 Ne5 23. Bxe5 Rxe5 24. c5 dxc5 25. bxc5 Qd8 26. d6 Rexc5 27. Rd1 Qf6 28. h5 Rd8 29. Qf4 Rc3 30. Rd5 Rf3 31. Qc1 Rd3 32. Rxd3 exd3 33. Nc4 b5 34. Nb6 Rxd6 0-1

[Event "Madrid-chT 2526"]
[Site "Madrid"]
[Date "2025.11.16"]
[Round "1.4"]
[White "Hernandez Ramos, Alberto"]
[Black "Blanco Garcia, Liliam Barbara"]
[Result "1-0"]
[WhiteElo "2048"]
[BlackElo "2046"]
[WhiteFideId "-1"]
[WhiteFideId "-1"]
[PlyCount "63"]
[GameId "2244890580152562"]
[EventDate "2025.11.15"]
[EventType "team-tourn"]
[EventRounds "14"]
[EventCountry "ESP"]
[SourceVersionDate "2011.03.15"]
[WhiteTeam "San Sebastian de los Reyes"]
[BlackTeam "Collado Villalba"]
[WhiteTeamCountry "ESP"]
[BlackTeamCountry "ESP"]

1. d4 d5 2. Nf3 Nf6 3. c4 e6 4. g3 a6 5. Bg2 dxc4 6. Ne5 Bb4+ 7. Nc3 Nd5 8. Bd2 b5 9. e4 Nf6 10. a3 Ba5 11. Bg5 Bb7 12. O-O h6 13. Bxf6 gxf6 14. Ng4 h5 15. Nxf6+ Qxf6 16. e5 Qe7 17. Bxb7 Ra7 18. Bg2 Bxc3 19. bxc3 c6 20. h4 Rd7 21. Qe2 c5 22. Rfd1 cxd4 23. cxd4 Qd8 24. d5 exd5 25. e6 Rd6 26. exf7+ Kf8 27. Rxd5 Qe7 28. Re5 Qxf7 29. Re1 Rd8 30. Re7 Qf6 31. Re6 Qf7 32. Qe5 1-0

[Event "Madrid-chT 2526"]
[Site "Madrid"]
[Date "2025.11.16"]
[Round "1.5"]
[White "Cao Armillas, Jesus"]
[Black "Kueppers, Michael"]
[Result "1-0"]
[WhiteElo "2012"]
[BlackElo "1904"]
[WhiteFideId "-1"]
[WhiteFideId "-1"]
[PlyCount "107"]
[GameId "2244895052632465"]
[EventDate "2025.11.15"]
[EventType "team-tourn"]
[EventRounds "14"]
[EventCountry "ESP"]
[SourceVersionDate "2011.03.15"]
[WhiteTeam "Collado Villalba"]
[BlackTeam "San Sebastian de los Reyes"]
[WhiteTeamCountry "ESP"]
[BlackTeamCountry "ESP"]

1. d4 d5 2. c4 e6 3. Nf3 Nf6 4. g3 c5 5. cxd5 exd5 6. Bg2 Nc6 7. O-O Be7 8. Nc3 O-O 9. Bg5 c4 10. Ne5 Be6 11. Nxc4 dxc4 12. Bxf6 Bxf6 13. d5 Bd7 14. dxc6 Bxc6 15. Bxc6 bxc6 16. Qc2 Rb8 17. Rab1 Qe7 18. Rfd1 Rfd8 19. Ne4 Rxd1+ 20. Rxd1 h6 21. Qxc4 Rxb2 22. Qxc6 Rxa2 23. Nxf6+ Qxf6 24. Qxf6 gxf6 25. Rd8+ Kg7 26. Kf1 f5 27. Rd6 f6 28. Rd7+ Kg6 29. f4 a5 30. Kf2 Rb2 31. Ra7 Rb5 32. Ke3 Rd5 33. Kf3 Rb5 34. h3 h5 35. Ra6 Rd5 36. g4 fxg4+ 37. hxg4 hxg4+ 38. Kxg4 Rb5 39. e4 Kg7 40. Ra7+ Kg8 41. f5 Re5 42. Kh5 Rxe4 43. Rxa5 Kf7 44. Ra7+ Kf8 45. Kg6 Rb4 46. Ra6 Rb1 47. Rxf6+ Kg8 48. Ra6 Kf8 49. Ra8+ Ke7 50. f6+ Ke6 51. Re8+ Kd7 52. f7 Rg1+ 53. Kh5 Rh1+ 54. Kg4 1-0

[Event "Madrid-chT 2526"]
[Site "Madrid"]
[Date "2025.11.16"]
[Round "1.6"]
[White "Hinojosa Moya, Hector Gaston"]
[Black "Semprun Martinez, Fernando M"]
[Result "1/2-1/2"]
[WhiteElo "1900"]
[BlackElo "2004"]
[WhiteFideId "-1"]
[WhiteFideId "-1"]
[PlyCount "78"]
[GameId "2244909974315419"]
[EventDate "2025.11.15"]
[EventType "team-tourn"]
[EventRounds "14"]
[EventCountry "ESP"]
[SourceVersionDate "2011.03.15"]
[WhiteTeam "San Sebastian de los Reyes"]
[BlackTeam "Collado Villalba"]
[WhiteTeamCountry "ESP"]
[BlackTeamCountry "ESP"]

1. e4 e5 2. Nf3 Nc6 3. Bb5 a6 4. Ba4 Nf6 5. O-O Be7 6. Re1 b5 7. Bb3 O-O 8. a4 b4 9. d4 Nxd4 10. Bxf7+ Rxf7 11. Nxe5 Rf8 12. Qxd4 Bb7 13. Nd2 d6 14. Nc6 Bxc6 15. Qc4+ Kh8 16. Qxc6 Ng4 17. Re2 Bh4 18. f3 Ne5 19. Qd5 c6 20. Qb3 c5 21. Nf1 Nc6 22. c3 Rb8 23. Qd5 Qc7 24. Be3 Bf6 25. Rc2 bxc3 26. bxc3 Nb4 27. cxb4 Bxa1 28. bxc5 dxc5 29. Rxc5 Qd8 30. Qc4 Rc8 31. Qxa6 Rxc5 32. Bxc5 Bd4+ 33. Bxd4 Qxd4+ 34. Kh1 h6 35. Qb5 Rc8 36. Qf5 Qc4 37. Kg1 Qd4+ 38. Kh1 Qc4 39. Kg1 Qd4+ 1/2-1/2

[Event "Madrid-chT 2526"]
[Site "Madrid"]
[Date "2025.11.16"]
[Round "1.1"]
[White "Almeida Quintana, Omar"]
[Black "Quispe Arteaga, Gabriel"]
[Result "1/2-1/2"]
[WhiteElo "2465"]
[BlackElo "2425"]
[WhiteFideId "-1"]
[WhiteFideId "-1"]
[PlyCount "32"]
[GameId "2244915743696575"]
[EventDate "2025.11.15"]
[EventType "team-tourn"]
[EventRounds "14"]
[EventCountry "ESP"]
[SourceVersionDate "2011.03.15"]
[WhiteTeam "Rivas"]
[BlackTeam "Villalba 64"]
[WhiteTeamCountry "ESP"]
[BlackTeamCountry "ESP"]

1. d4 Nf6 2. Nc3 d5 3. Bf4 Bd7 4. e3 e6 5. Bd3 c5 6. dxc5 Bxc5 7. Nf3 Bc6 8. O-O O-O 9. Qe2 Nbd7 10. a3 Be7 11. b4 Nb6 12. Nd4 Rc8 13. Nxc6 Rxc6 14. Nb5 a6 15. Nd4 Rc8 16. Nb3 Na4 1/2-1/2

[Event "Madrid-chT 2526"]
[Site "Madrid"]
[Date "2025.11.16"]
[Round "1.2"]
[White "Duran Vega, Sergio"]
[Black "Lianes Garcia, Marcos"]
[Result "1/2-1/2"]
[WhiteElo "2349"]
[BlackElo "2388"]
[WhiteFideId "-1"]
[WhiteFideId "-1"]
[PlyCount "26"]
[GameId "2244919094400710"]
[EventDate "2025.11.15"]
[EventType "team-tourn"]
[EventRounds "14"]
[EventCountry "ESP"]
[SourceVersionDate "2011.03.15"]
[WhiteTeam "Villalba 64"]
[BlackTeam "Rivas"]
[WhiteTeamCountry "ESP"]
[BlackTeamCountry "ESP"]

1. c4 e6 2. Nf3 d5 3. d4 Nf6 4. g3 h6 5. Bg2 Bd6 6. O-O O-O 7. Nc3 Nc6 8. b3 dxc4 9. bxc4 e5 10. e3 Re8 11. h3 exd4 12. exd4 Bf5 13. Nb5 Be4 1/2-1/2

[Event "Madrid-chT 2526"]
[Site "Madrid"]
[Date "2025.11.16"]
[Round "1.3"]
[White "Rodriguez Rodriguez, Javier"]
[Black "Tamames Soria, Cesar Manuel"]
[Result "1/2-1/2"]
[WhiteElo "2335"]
[BlackElo "2204"]
[WhiteFideId "-1"]
[WhiteFideId "-1"]
[PlyCount "32"]
[GameId "2244921546995405"]
[EventDate "2025.11.15"]
[EventType "team-tourn"]
[EventRounds "14"]
[EventCountry "ESP"]
[SourceVersionDate "2011.03.15"]
[WhiteTeam "Rivas"]
[BlackTeam "Villalba 64"]
[WhiteTeamCountry "ESP"]
[BlackTeamCountry "ESP"]

1. d4 d5 2. c4 dxc4 3. e3 Nf6 4. Bxc4 e6 5. Nf3 a6 6. a4 c5 7. O-O Nc6 8. Qe2 Qc7 9. Nc3 Be7 10. Rd1 O-O 11. h3 Rd8 12. dxc5 Rxd1+ 13. Qxd1 Bxc5 14. Qe2 h6 15. b3 b6 16. Bb2 Bb7 1/2-1/2

[Event "Madrid-chT 2526"]
[Site "Madrid"]
[Date "2025.11.16"]
[Round "1.4"]
[White "Veganzonez Rojo, David"]
[Black "Vioque Gonzalez, Nicolas"]
[Result "1/2-1/2"]
[WhiteElo "2109"]
[BlackElo "2296"]
[WhiteFideId "-1"]
[WhiteFideId "-1"]
[PlyCount "134"]
[GameId "2244929659815639"]
[EventDate "2025.11.15"]
[EventType "team-tourn"]
[EventRounds "14"]
[EventCountry "ESP"]
[SourceVersionDate "2011.03.15"]
[WhiteTeam "Villalba 64"]
[BlackTeam "Rivas"]
[WhiteTeamCountry "ESP"]
[BlackTeamCountry "ESP"]

{[%evp 0,134,21,24,26,16,13,11,29,22,34,39,63,21,36,53,139,52,95,99,90,107,99,77,88,33,91,84,82,56,40,72,85,173,91,100,98,65,83,49,122,-15,8,4,-64,-16,-6,-3,86,-1,81,174,77,117,109,92,153,24,193,77,183,108,117,142,157,70,148,150,-19,103,93,161,121,196,172,40,128,135,121,145,190,167,126,128,210,138,199,195,17,128,304,156,400,1,391,386,426,360,334,86,1,14,157,157,175,69,183,218,55,181,303,334,469,147,1,73,1,74,117,1,264,210,267,221,280,147,269,310,316,155,266,341,164,217,142,343,178]} 1. e4 e5 2. Nf3 Nc6 3. Bb5 f5 4. d3 Nf6 5. exf5 Bc5 6. O-O O-O 7. Nc3 Nd4 8. Nxd4 exd4 9. Ne4 Be7 10. Ba4 d5 11. Ng3 c6 12. c3 Qb6 13. Bb3 Bd6 14. Kh1 a5 15. c4 dxc4 16. Bxc4+ Kh8 17. Bg5 Qc7 18. Qe2 Bd7 19. Rae1 Bb4 20. Rd1 Rae8 21. Qf3 b5 22. a3 Bd6 23. Ba2 c5 24. Rde1 Bxg3 25. fxg3 Bc6 26. Qf2 Ng4 27. Qd2 Rxe1 28. Qxe1 Re8 29. Be6 h6 30. Bf4 Qb7 31. Qe2 Nf6 32. Be5 Qe7 33. Qd2 Ng4 34. Bf4 Qf6 35. Re1 g5 36. Qe2 gxf4 37. Qxg4 fxg3 38. Qxg3 Qg7 39. Qxg7+ Kxg7 40. Rc1 c4 41. dxc4 b4 42. axb4 axb4 43. Rd1 Rd8 44. Kg1 Ba4 45. Rd2 d3 46. Kf2 Bc2 47. Ke3 Kf6 48. g4 Ke5 49. h4 Rd4 50. Rg2 Rf4 51. g5 hxg5 52. hxg5 Rf1 53. g6 Re1+ 54. Kf3 Bd1+ 55. Kg3 Re3+ 56. Kf2 Re2+ 57. Kf1 Rxg2 58. Kxg2 d2 59. g7 Bf3+ 60. Kg3 d1=Q 61. g8=Q Bc6 62. Qh8+ Ke4 63. Qh4+ Ke5 64. Qf4+ Kf6 65. Qh4+ Ke5 66. Qh8+ Ke4 67. Qh4+ Ke5 1/2-1/2

[Event "Madrid-chT 2526"]
[Site "Madrid"]
[Date "2025.11.16"]
[Round "1.5"]
[White "Acosta Sosa, Juan Manuel"]
[Black "Gutierrez Diaz, Pablo"]
[Result "1-0"]
[WhiteElo "2261"]
[BlackElo "2037"]
[WhiteFideId "-1"]
[WhiteFideId "-1"]
[PlyCount "97"]
[GameId "2244936473282387"]
[EventDate "2025.11.15"]
[EventType "team-tourn"]
[EventRounds "14"]
[EventCountry "ESP"]
[SourceVersionDate "2011.03.15"]
[WhiteTeam "Rivas"]
[BlackTeam "Villalba 64"]
[WhiteTeamCountry "ESP"]
[BlackTeamCountry "ESP"]

1. d4 Nf6 2. g3 g6 3. Bg2 Bg7 4. Nf3 O-O 5. O-O d6 6. c4 Nc6 7. Nc3 Bf5 8. d5 Na5 9. Nd4 Bd7 10. b3 c6 11. Bb2 cxd5 12. cxd5 Rc8 13. Qd2 Qb6 14. Rac1 Rc7 15. e3 Rfc8 16. h3 e5 17. dxe6 fxe6 18. Rfd1 d5 19. Ba3 Bf8 20. Bxf8 Rxf8 21. Nf3 Rfc8 22. Ne5 Qb4 23. Nd3 Qa3 24. Nb1 Nxb3 25. Nxa3 Nxd2 26. Rxc7 Rxc7 27. Rxd2 Ba4 28. Nb2 Rc1+ 29. Kh2 Bc6 30. Rc2 Ra1 31. Nd3 a5 32. Nc5 Rd1 33. Bf3 Re1 34. Nxe6 Ba4 35. Rb2 Ne4 36. Bxe4 dxe4 37. Nd4 Rc1 38. Rxb7 Be8 39. Nab5 Bf7 40. a3 a4 41. Nd6 Bd5 42. Rb5 Ba2 43. Nxe4 Ra1 44. Rb4 Kg7 45. Nc3 Bf7 46. Rxa4 Rc1 47. Nde2 Ra1 48. Kg2 Be8 49. Ra6 1-0

[Event "Madrid-chT 2526"]
[Site "Madrid"]
[Date "2025.11.16"]
[Round "1.6"]
[White "Alvarez Guerrero, Dylan"]
[Black "Tenorio Garcia, Joel"]
[Result "0-1"]
[WhiteElo "1953"]
[BlackElo "2172"]
[WhiteFideId "-1"]
[WhiteFideId "-1"]
[PlyCount "92"]
[GameId "2244938273908570"]
[EventDate "2025.11.15"]
[EventType "team-tourn"]
[EventRounds "14"]
[EventCountry "ESP"]
[SourceVersionDate "2011.03.15"]
[WhiteTeam "Villalba 64"]
[BlackTeam "Rivas"]
[WhiteTeamCountry "ESP"]
[BlackTeamCountry "ESP"]

1. d4 Nf6 2. Bf4 g6 3. Nf3 Bg7 4. e3 O-O 5. Be2 d6 6. O-O c5 7. c3 Be6 8. Nbd2 Qb6 9. Qc2 Rc8 10. dxc5 Qxc5 11. e4 Nc6 12. Be3 Qh5 13. h3 Qa5 14. Ng5 Nd4 15. Bxd4 Qxg5 16. f4 Qh4 17. Be3 Nh5 18. Rf3 Ng3 19. Bd3 Bg4 20. hxg4 Qh1+ 21. Kf2 Qxa1 22. Rxg3 Qxa2 23. Qb3 Qxb3 24. Nxb3 a5 25. Nd4 a4 26. Nb5 a3 27. bxa3 Bxc3 28. Nxc3 Rxc3 29. Bd4 Rcxa3 30. f5 R8a4 31. Ke3 b5 32. Rh3 e5 33. fxe6 fxe6 34. Bb6 d5 35. Bc5 Rxe4+ 36. Kd2 Ra2+ 37. Kc3 Rxg4 38. Rf3 Raxg2 39. Rf8+ Kg7 40. Rb8 e5 41. Rxb5 R2g3 42. Kd2 Ra4 43. Rb7+ Kf6 44. Be7+ Ke6 45. Bc2 Rg2+ 46. Kd3 Rd4+ 0-1

[Event "Madrid-chT 2526"]
[Site "Madrid"]
[Date "2025.11.16"]
[Round "1.1"]
[White "Iturrizaga Bonelli, Eduardo"]
[Black "Torres Rebolledo, Alvaro"]
[Result "1-0"]
[WhiteElo "2590"]
[BlackElo "2328"]
[WhiteFideId "-1"]
[WhiteFideId "-1"]
[PlyCount "83"]
[GameId "2244943739885520"]
[EventDate "2025.11.15"]
[EventType "team-tourn"]
[EventRounds "14"]
[EventCountry "ESP"]
[SourceVersionDate "2011.03.15"]
[WhiteTeam "Filantropos Equigoma"]
[BlackTeam "Jaque Mate"]
[WhiteTeamCountry "ESP"]
[BlackTeamCountry "ESP"]

1. c4 e5 2. Nc3 Bb4 3. Qb3 Bxc3 4. Qxc3 d6 5. d4 Nc6 6. Nf3 Qe7 7. d5 Nb8 8. e4 Nf6 9. Bd3 O-O 10. O-O Nbd7 11. b4 a5 12. a3 b6 13. Bd2 Nh5 14. Rfe1 Nf4 15. Bf1 Ng6 16. Qc2 Nb8 17. h3 f5 18. Bd3 f4 19. c5 bxc5 20. bxc5 Nd7 21. c6 Nc5 22. a4 Nh4 23. Be2 Ba6 24. Nxh4 Qxh4 25. Bxa6 Rxa6 26. f3 Qd8 27. Reb1 Qa8 28. Be1 Ra7 29. Bf2 Na6 30. Bxa7 Qxa7+ 31. Qf2 Qxf2+ 32. Kxf2 Nb4 33. Ke2 Kf7 34. Rxb4 axb4 35. Kd3 Kg6 36. a5 Kg5 37. a6 Kh4 38. a7 Ra8 39. Kc4 Kg3 40. Ra2 g5 41. Kxb4 h5 42. Kb5 1-0